Guess the Harry Potter Movies by Scene #9 - Statistics

General Stats
  • This quiz has been taken 125 times
  • The average score is 17 of 20
Answer Stats
Picture Answer % Correct
Philosopher's Stone
100%
Philosopher's Stone
100%
Chamber of Secrets
94%
Chamber of Secrets
91%
Order of the Phoenix
91%
Philosopher's Stone
91%
Philosopher's Stone
91%
Deathly Hallows – Part 2
85%
Goblet of Fire
85%
Chamber of Secrets
82%
Deathly Hallows – Part 1
82%
Goblet of Fire
82%
Half-Blood Prince
82%
Chamber of Secrets
79%
Deathly Hallows – Part 1
79%
Half-Blood Prince
79%
Order of the Phoenix
79%
Prisoner of Azkaban
79%
Deathly Hallows – Part 1
76%
Deathly Hallows – Part 1
73%
No matching quizzes found
Score Distribution
Percent of People with Each Score
Percentile by Number Answered
Your Score History
You have not taken this quiz